00682nam a2200169 a 450000100100000000500170001000800410002704000250006808200150009310000310010824500500013926000500018930000290023995201130026895201140038199900170049500003369820200930070442.0110906s1910 dr c 000 0 spa d aDO-SdBNPbspacBNPHU axxxbA174v1 aAcevedo, Octavio A.93190410aVias de comunicación /cOctavio A. Acevedo. aSanto Domingo :bLa cuna de América,c1910. a97 p. :bretr. ;c19 cm. 001050718RVaPDbPDcCTd2011-09-06iLF1l0oxxx A174vp33698-10r2020-06-25w2020-06-25y1ZNo se presta 00107-18PDaPDbPDcOId2011-09-06iLF1l0oxxx A174vp33699-10r2020-06-25w2020-06-25yLFPDZNo se presta c33189d33189